000 00627nam a2200229Ia 4500
003 OSt
005 20221006164032.0
006 a|||||r|||| 00| 0
007 ta
008 221006b |||||||| |||| 00| 0 eng d
024 _a3,267
037 _cTextual
040 _aFML
_cFML
_beng
041 _2eng
_aeng
082 _aNS44, P0 -; 1
100 _aVaidyanathan Saroja Au.
245 0 _aThe Science of Bharatanatyam
260 _aNew Delhi
_bKanishka Publishers, Distributors
_c2000
300 _a80
_ccm.
942 _hNS44, P0 -; 1
_cTEXL
_2CC
999 _c1116046
_d1116046